| 000 | 00739nam a22002297a 4500 | ||
|---|---|---|---|
| 999 |
_c10117 _d10117 |
||
| 003 | AR-CdUCM | ||
| 008 | 190329b ||||| |||| 00| 0 spa d | ||
| 040 |
_aMUNICIPALIDAD PROVINCIAL DEL CUSCO _cBIBLIOTECA MUNICIPAL DEL CUSCO |
||
| 082 |
_aES / 800 / _bA37 |
||
| 100 |
_aAlcott, Louisa May _9851 |
||
| 245 | _aLos muchachos del Jo / | ||
| 260 |
_aBarcelona : _bEditorial Mateu, _c1958. |
||
| 300 |
_a255 páginas ; _bIlustraciones, _c19 cm. |
||
| 440 |
_aColección juvenil cadete _914092 |
||
| 505 | _aContenido: Literatura juvenil. | ||
| 650 |
_aLiteratura juvenil _91580 |
||
| 650 |
_aFicción _9184 |
||
| 650 |
_aObra literaria _9308 |
||
| 700 |
_aViñals Escoda, R. (adaptación) _926783 |
||
| 942 |
_2ddc _cLIBROS |
||
| 945 | _adavv | ||